000 00533cam a2200181 4500500
005 20260329003609.0
041 _afre
042 _adc
100 1 0 _aNathan, Tobie
_eauthor
245 0 0 _aBerdache. Amérique du Nord
260 _c2016.
500 _a3
690 _aBerdache
690 _aTobie Nathan
690 _aTransgenre
786 0 _nPhilosophie magazine | 96 | 2 | 2016-02-01 | p. 41-41 | 1951-1787
856 4 1 _uhttps://shs.cairn.info/magazine-philosophie-magazine-2016-2-page-41?lang=fr&redirect-ssocas=7080
999 _c1825906
_d1825906